Past and Present NRL Teams - Statistics

General Stats
  • This quiz has been taken 304 times
    150 since last reset
  • The average score is 25 of 34
Answer Stats
Years Answer % Correct
1908-1999, 2002-present South Sydney Rabbitohs
99%
1988-present Brisbane Broncos
96%
1908-present Sydney Roosters
96%
1908-1998 Balmain Tigers
95%
2007-present Gold Coast Titans
95%
1921-1998 St. George Dragons
94%
2023-present The Dolphins
94%
2000-present Wests Tigers
94%
1947-present Parramatta Eels
93%
1967-present Penrith Panthers
93%
1998-present Melbourne Storm
92%
1995-present North Queensland Cowboys
91%
1999-present St. George Illawarra Dragons
91%
1935-present Canterbury-Bankstown Bulldogs
90%
1995-present New Zealand Warriors
90%
1982-present Canberra Raiders
89%
1967-present Cronulla-Sutherland Sharks
89%
1947-1998, 2003-present Manly-Warringah Sea Eagles
88%
1998-present Newcastle Knights
87%
1908-1999 North Sydney Bears
82%
1908-1999 Western Suburbs Magpies
80%
1908-1983 Newtown Jets
70%
1980-1998 Illawarra Steelers
68%
1997-1998 Adelaide Rams
57%
1987-1998 Gold Coast Chargers
56%
1908-1929 Glebe Dirty Reds
51%
1995-1997 Perth Reds/Western Reds
50%
1995-1997 South Queensland Crushers
37%
2000-2002 Northern Eagles
36%
1920-1937 University
36%
1995-1997 Hunter Mariners
26%
1910-1920 Annandale Dales
18%
1908 Central Cumberland
17%
1909-1909 Newcastle Rebels
17%
No matching quizzes found
Score Distribution
Percent of People with Each Score
Percentile by Number Answered
Your Score History
You have not taken this quiz since the last reset